000 01703cam a22004814i 4500
003 PE-LiUPU
005 20250731173021.0
008 150623s r 000 0 d
020 _a0941037657
035 _a(Sirsi) i9780941037655
040 _aPE-LiUPU
_bspa
_cPE-LiUPU
_erda
049 _aPRUA
082 0 4 _a232.090 15
_bP741933
_221
100 1 _aPokorny´, Petr,
_d1933-,
_eautor.
245 1 0 _aJesus in the eyes of His followers :
_bnewly discovered manuscripts and old Christian confessions /
_cPetr Pokorny.
264 1 _aNorth Richland Hills, TX :
_bBIBAL Press,
_c1998.
300 _a100 páginas :
_bilustraciones, gráficos ;
_c22 centímetros
336 _atext
_2rdacontent
337 _aunmediated
_2rdamedia
338 _avolume
_2rdacarrier
490 0 _aThe Dead Sea Scrolls and Christian Origins Library ;
_v4
504 _aIncluye bibliografía.
505 0 _aThe problem. -Jesus. -Christology.
526 _aSEG42
526 _aSEG41
526 _aSEG40
526 _aSEG39
526 _aP94
526 _aP87
526 _aP86
526 _aP85
526 _aP77
526 _aP76
526 _aP35
600 1 _aJesucristo
_xHistoria de las doctrinas
630 _aBiblia.
_pN.T.
_xCrítica, interpretación, etc.
942 _2ddc
_cBOOK
949 _a232.090 15 P74 1933
_wDEWEY
_c1
_i47446
_lCCODEBUL1
_mBUL
_r0
_sY
_tBOOK
_u2015-6-24
_xTEOLOGIA
_PP35
_0COMPRA
_o.STAFF. Colección General
994 _aC0
_bPEPRU
596 _a1
999 _a232.090 15 P74 1933
_wDEWEY
_c24004
_i47446
_f2021-11-11
_g5
_lCCODEBUL1
_mBUL
_r0
_sY
_tBOOK
_u2015-6-24
_xTEOLOGIA
_PP35
_0COMPRA
_o.STAFF. Colección General
_d24004
980 _81
_gALBERTO SANCHEZ Responsable de Automatización